000
00196 a2200097 4500
020
_a
9780553384246
041
_a
eng
100
_a
Mildred Armstrong Kalish
245
_a
Little Heathens
942
_c
K
999
_c
26960
_d
26960